[Event "IRI-ch (Women)"]
[Site "Tehran"]
[Date "2017.11.07"]
[Round "8"]
[White "Ghaderi, Farzaneh"]
[Black "Heydari, Zahra"]
[Result "1/2-1/2"]
[WhiteElo "1787"]
[BlackElo "1748"]
[PlyCount "44"]
[EventDate "2017.11.02"]
[EventType "swiss"]
[EventRounds "9"]
[EventCountry "IRI"]
[SourceTitle "CBM 181 Extra"]
[Source "ChessBase"]
[SourceDate "2017.12.12"]
[SourceVersion "1"]
[SourceVersionDate "2017.12.12"]
[SourceQuality "1"]

1. f4 d5 2. Nf3 c5 3. g3 Nc6 4. d3 Nf6 5. c3 Qc7 6. Bg2 Bg4 7. d4 Bxf3 8. Bxf3 cxd4 9. cxd4 Nxd4 10. Qxd4 Qxc1+ 11. Kf2 Qc6 12. Nd2 e6 13. Rac1 Qd7 14. Rhd1 b6 15. Nb3 Rd8 16. Qc3 Be7 17. g4 0-0 18. g5 Ne8 19. h4 Nd6 20. h5 f6 21. g6 h6 22. Nd4 Nb5 1/2-1/2

[Event "IRI-ch (Women)"]
[Site "Tehran"]
[Date "2017.11.06"]
[Round "7"]
[White "Ghaderi, Farzaneh"]
[Black "Asgharzadeh, Mitra"]
[Result "0-1"]
[WhiteElo "1787"]
[BlackElo "2026"]
[PlyCount "76"]
[EventDate "2017.11.02"]
[EventType "swiss"]
[EventRounds "9"]
[EventCountry "IRI"]
[SourceTitle "CBM 181 Extra"]
[Source "ChessBase"]
[SourceDate "2017.12.12"]
[SourceVersion "1"]
[SourceVersionDate "2017.12.12"]
[SourceQuality "1"]

1. e4 c5 2. c4 Nc6 3. Nc3 g6 4. g3 Bg7 5. Bg2 d6 6. Nge2 Nf6 7. d3 0-0 8. h3 Bd7 9. Be3 a6 10. a3 Rb8 11. Rb1 b5 12. cxb5 axb5 13. b4 cxb4 14. axb4 Qc8 15. Qd2 Ne8 16. Nd5 Qa6 17. 0-0 e6 18. Ndc3 Nc7 19. Bf4 Ne5 20. Bxe5 dxe5 21. f4 exf4 22. Qxf4 e5 23. Qe3 Be6 24. Ra1 Qd6 25. Qc5 Rfd8 26. Ra7 Na6 27. Qxd6 Rxd6 28. Nd5 Bxd5 29. exd5 f5 30. g4 fxg4 31. hxg4 Nxb4 32. Rff7 Bh6 33. g5 Bf8 34. Nc3 Ra6 35. Rac7 Ra1+ 36. Kh2 Rc1 37. Nxb5 Rxc7 38. Nxc7 Kxf7 0-1

[Event "Qazvin op (Women) 18th"]
[Site "Qazvin"]
[Date "2015.08.19"]
[Round "9"]
[White "Saeidpour, Mona"]
[Black "Ghaderi, Farzaneh"]
[Result "1-0"]
[WhiteElo "1919"]
[BlackElo "1731"]
[PlyCount "49"]
[EventDate "2015.08.14"]
[EventType "swiss"]
[EventRounds "11"]
[EventCountry "IRI"]
[SourceTitle "EXT 2016"]
[Source "ChessBase"]
[SourceDate "2015.10.08"]
[SourceVersion "1"]
[SourceVersionDate "2015.10.08"]
[SourceQuality "1"]

1. d4 Nf6 2. c4 e6 3. Nc3 Bb4 4. Qc2 d5 5. a3 Bxc3+ 6. Qxc3 Ne4 7. Qc2 c5 8. dxc5 Nxc5 9. cxd5 Qxd5 10. b4 Nb3 11. Qxc8+ Ke7 12. Qxh8 Nxa1 13. Qxh7 Nc6 14. f3 Rd8 15. Be3 Qd1+ 16. Kf2 Rd5 17. Qxg7 Ne5 18. Bc5+ Kd7 19. Qf8 Nc2 20. Qe7+ Kc8 21. g4 Qd2 22. Nh3 Nd3+ 23. Kg3 Ne5 24. Kf2 Qh6 25. Qf8+ 1-0

[Event "IRI-ch (Women)"]
[Site "Tehran"]
[Date "2014.12.16"]
[Round "11"]
[White "Ghaderi, Farzaneh"]
[Black "Asghari, Mitra"]
[Result "1/2-1/2"]
[WhiteElo "1758"]
[BlackElo "1759"]
[PlyCount "78"]
[EventDate "2014.12.07"]
[EventType "swiss"]
[EventRounds "11"]
[EventCountry "IRI"]
[SourceTitle "CBM 163 Extra"]
[Source "ChessBase"]
[SourceDate "2014.12.23"]
[SourceVersion "1"]
[SourceVersionDate "2014.12.23"]
[SourceQuality "1"]

1. d4 g6 2. c4 Bg7 3. Nc3 c5 4. Nf3 cxd4 5. Nxd4 Nc6 6. e3 Nf6 7. Be2 0-0 8. Bf3 Ne5 9. Be2 d6 10. 0-0 a6 11. b3 Bd7 12. Bb2 Rc8 13. Qd2 Qa5 14. Rfd1 Rfd8 15. Nd5 Qxd2 16. Rxd2 Nxd5 17. cxd5 Rc5 18. h3 Be8 19. b4 Rc7 20. Nb3 b5 21. Bd4 Rdc8 22. Kf1 Nc4 23. Rd3 Bxd4 24. exd4 Bd7 25. g4 Nb6 26. Bf3 Rc3 27. Ke2 Rc2+ 28. Rd2 Rxd2+ 29. Nxd2 e6 30. dxe6 Bxe6 31. Bb7 Re8 32. Kd3 Bc8 33. Bc6 Re7 34. Ne4 Nc4 35. Nf6+ Kg7 36. Nd5 Nb2+ 37. Kd2 Nc4+ 38. Kd3 Nb2+ 39. Kd2 Nc4+ 1/2-1/2

[Event "IRI-ch (Women)"]
[Site "Tehran"]
[Date "2014.12.10"]
[Round "5"]
[White "Ghaderi, Farzaneh"]
[Black "Ansari, Fateme"]
[Result "0-1"]
[WhiteElo "1758"]
[BlackElo "1747"]
[PlyCount "110"]
[EventDate "2014.12.07"]
[EventType "swiss"]
[EventRounds "11"]
[EventCountry "IRI"]
[SourceTitle "CBM 163 Extra"]
[Source "ChessBase"]
[SourceDate "2014.12.23"]
[SourceVersion "1"]
[SourceVersionDate "2014.12.23"]
[SourceQuality "1"]

1. d4 Nf6 2. c4 e6 3. g3 Be7 4. Bg2 d5 5. Nf3 0-0 6. Qc2 b6 7. Nbd2 Bb7 8. b3 c5 9. Bb2 Nc6 10. 0-0 cxd4 11. Nxd4 Nxd4 12. Bxd4 Rc8 13. Qb2 Qc7 14. Rac1 Qb8 15. Be5 Qa8 16. cxd5 Bxd5 17. e4 Bb7 18. f3 Bc5+ 19. Kh1 Rfd8 20. Nc4 Be7 21. Rfd1 Rxd1+ 22. Rxd1 Rd8 23. Qc2 Qc8 24. Bf1 b5 25. Rxd8+ Bxd8 26. Ne3 Qxc2 27. Nxc2 Nxe4 28. fxe4 Bxe4+ 29. Kg1 Bxc2 30. Bxb5 Bb6+ 31. Kf1 f6 32. Bd6 Kf7 33. b4 e5 34. Bc4+ Kg6 35. b5 e4 36. Ke2 Kf5 37. h3 h5 38. Kd2 Bb1 39. Bf8 g5 40. Bb4 h4 41. gxh4 gxh4 42. a4 Kf4 43. a5 Bd4 44. Bd6+ Kf3 45. Bb8 e3+ 46. Kd1 Kf2 47. Bxa7 Bxa7 48. b6 Bb8 49. a6 Be4 50. a7 Bf3+ 51. Kc2 Bxa7 52. bxa7 e2 53. Bxe2 Kxe2 54. Kc3 Ba8 55. Kd4 Kd1 0-1

[Event "IRI-ch (Women)"]
[Site "Tehran"]
[Date "2014.12.08"]
[Round "3"]
[White "Ghaderi, Farzaneh"]
[Black "Mobarhani, Nazanin"]
[Result "0-1"]
[WhiteElo "1758"]
[BlackElo "1864"]
[PlyCount "56"]
[EventDate "2014.12.07"]
[EventType "swiss"]
[EventRounds "11"]
[EventCountry "IRI"]
[SourceTitle "CBM 163 Extra"]
[Source "ChessBase"]
[SourceDate "2014.12.23"]
[SourceVersion "1"]
[SourceVersionDate "2014.12.23"]
[SourceQuality "1"]

1. d4 d5 2. Nf3 c6 3. e3 Bf5 4. c4 Nf6 5. Bd3 Bxd3 6. Qxd3 e6 7. 0-0 Be7 8. Nbd2 Nbd7 9. b3 0-0 10. Bb2 Qa5 11. e4 dxe4 12. Nxe4 Nxe4 13. Qxe4 Qh5 14. Ne5 Rad8 15. f4 Nf6 16. Qe3 Ng4 17. Nxg4 Qxg4 18. Rf3 Bf6 19. Qf2 Qf5 20. Kh1 h5 21. Re1 Qa5 22. a3 Bxd4 23. Bxd4 Rxd4 24. b4 Qd8 25. Rg3 Rxc4 26. Rg5 Qf6 27. Rf1 Rd8 28. Rxh5 Rxf4 0-1

[Event "Rasht Baran Cup 7th 		  "]
[Site "Rasht"]
[Date "2014.06.23"]
[Round "2"]
[White "Mousavi, Seyed Khalil"]
[Black "Ghaderi, Farzaneh"]
[Result "1-0"]
[WhiteElo "2375"]
[BlackElo "1706"]
[PlyCount "55"]
[EventDate "2014.06.22"]
[EventType "swiss"]
[EventRounds "9"]
[EventCountry "IRI"]
[SourceTitle "CBM 161 Extra"]
[Source "ChessBase"]
[SourceDate "2014.08.29"]
[SourceVersion "1"]
[SourceVersionDate "2014.08.29"]
[SourceQuality "1"]

1. Nf3 d5 2. d4 Nf6 3. c4 e6 4. e3 Be7 5. Bd3 0-0 6. 0-0 dxc4 7. Bxc4 c5 8. Qe2 Nbd7 9. Nc3 a6 10. a4 b6 11. Bd2 Bb7 12. Rac1 Qc7 13. dxc5 Bxc5 14. e4 Ne5 15. Ba2 Rfd8 16. Bf4 Nxf3+ 17. Qxf3 Qe7 18. Bg5 Bd4 19. Bb1 h6 20. Bh4 Qb4 21. Qe2 a5 22. Nb5 Bxb2 23. Rc7 Rd2 24. Qe3 Ba6 25. Bxf6 Bxf6 26. e5 Bd8 27. Qf3 Qf8 28. Qxa8 1-0

[Event "Asia-ch (Women)"]
[Site "Mashhad"]
[Date "2011.05.09"]
[Round "8"]
[White "Ghaderi, Farzaneh"]
[Black "Asgarizadeh, Minoo"]
[Result "0-1"]
[WhiteElo "1716"]
[BlackElo "2029"]
[PlyCount "94"]
[EventDate "2011.05.02"]
[EventType "swiss"]
[EventRounds "9"]
[EventCountry "IRI"]
[SourceTitle "CBM 142 Extra"]
[Source "ChessBase"]
[SourceDate "2011.06.27"]
[SourceVersion "1"]
[SourceVersionDate "2011.06.27"]
[SourceQuality "1"]

1. d4 g6 2. c4 Bg7 3. Nf3 d6 4. g3 Nf6 5. Bg2 0-0 6. 0-0 Nbd7 7. Nc3 e5 8. e4 c6 9. b4 exd4 10. Nxd4 Ne5 11. Qb3 a5 12. b5 Nfd7 13. Ba3 Nc5 14. Bxc5 dxc5 15. Nde2 Be6 16. bxc6 bxc6 17. Rac1 Nxc4 18. Qc2 Bh6 19. Rcd1 Qe7 20. Na4 Rab8 21. Rd3 Bg7 22. Nf4 Nb2 23. Nxe6 fxe6 24. Rd2 Nxa4 25. Qxa4 Bd4 26. Qxc6 Qb7 27. Qa4 e5 28. Qc2 Qc6 29. Rb1 Rxb1+ 30. Qxb1 Qa4 31. Qc2 Qb4 32. Bf1 Kg7 33. Bc4 Rf3 34. Be6 c4 35. Kg2 Ra3 36. Qc1 c3 37. Rd3 Qb2 38. Qg5 Qxf2+ 39. Kh3 Qf6 40. Qxf6+ Kxf6 41. Bb3 Rxb3 42. axb3 c2 43. Rf3+ Ke6 44. Rf1 Bb2 45. Kg4 c1Q 46. Rxc1 Bxc1 47. Kf3 Kd6 0-1